How smart schools get and keep community support

Table of contents: The stage is set for a new way of thinking, doing your demographic homework, image matters (whether we like it or not)....

Guardado en:
Detalles Bibliográficos
Autor principal: Carroll, Susan Rovezzi
Otros Autores: Carroll, David
Formato: Libro
Lenguaje:Vietnamese
Publicado: Bloomington, Ind National Educational Service 1994
Materias:
Etiquetas: Agregar Etiqueta
Sin Etiquetas, Sea el primero en etiquetar este registro!
Thư viện lưu trữ: Thư viện Trường Đại học Nam Cần Thơ
LEADER 00959nam a22002177a 4500
001 NCT_4_025497
008 250806b xxu||||| |||| 00| 0 vie d
999 |c 9259  |d 9259 
020 |a 1879639300 
082 0 4 |2 23rd ed.  |a 659.2  |b C319 
100 1 |a Carroll, Susan Rovezzi 
245 1 0 |a How smart schools get and keep community support  |c Susan Rovezzi Carroll, David Carroll 
260 |a Bloomington, Ind  |b National Educational Service  |c 1994 
300 |a xii, 157 p.  |b ill.  |c 23 cm 
504 |a Includes refenrences and resources 
520 3 |a Table of contents: The stage is set for a new way of thinking, doing your demographic homework, image matters (whether we like it or not).... 
653 |a Tham khảo 
700 1 |a Carroll, David  
942 |2 ddc  |c BK 
952 |0 0  |1 0  |2 ddc  |4 0  |6 659_200000000000000_C319  |7 0  |9 31297  |a 000001  |b 000001  |d 2025-08-06  |o 659.2 C319  |p TK.00431  |r 2025-08-06  |w 2025-08-06  |y BK 
980 |a Thư viện Trường Đại học Nam Cần Thơ